000 01069nam a22002657a 4500
005 20100821143835.0
010 _aENG-101166
020 _a9788180940019
_c300.00
035 _aEN-84699
035 _aG-001291
037 _bDBAD/PUB
082 _a660.63
100 _aBhaskar, Anusha
_934405
245 _aEnzyme technology /
_cby Anusha Bhaskar [and] V.G. Vidhya
260 _aChennai
_bMJP Publishers
_c2009
270 _a47, Nallathambi Street, Triplicane
_bChennai
_e600005
300 _axxi,634p.
_c21cm (pbk)
_eb&w photos
500 _aIncludes bibliographical references and index
650 _aBiochemical engineering
_934406
650 _aEnzyme industrial applications
_934407
700 _aVidhya, V.G.
_915983
942 _2ddc
_cEN
_h660.63
_mBHA
999 _c42910
_d42910